Missing Word: 'Body' Songs Quiz Stats

 Plays Quiz Updated Jul 23, 2014

Support Sporcle.
Go Orange.
Score 0/23 Timer 03:00
0 Plays Today
Song Title Word % Correct
Somebody to ____Love
98.6%
Is There Anybody Out ____?There
94.1%
Everybody ____ Somebody to LoveNeeds
92.1%
Nobody ____ It BetterDoes
85.8%
Everybody Wants to ____ the WorldRule
82.6%
Somebody ____ I Used to KnowThat
81.1%
I Wanna _____ with Somebody (Who Loves Me)Dance
80.8%
Everybody Have _____ TonightFun
77.5%
Does Anybody Really Know What ____ It Is?Time
72.2%
_____ You That Somebody?Are
67.3%
Anybody Seen My ____?Baby
53.7%
Everybody ____Hurts
51.2%
Song Title Word % Correct
Somebody ___ YouLike
41.7%
Last Night I ____ That Somebody Loved MeDreamt
37.3%
Somebody's _____ MeWatching
34.4%
Nobody ____Knows
32.1%
Somebody ____ MeTold
29%
Nobody's ____ But MineFault
21.7%
Nobody's ____Perfect
21.6%
Somebody ____Else
18.9%
Everybody ____Talks
18.1%
_____ Be SomebodyGotta
11.7%
Everybody's ____Changing
10%

Today's Daily Dose

You're not logged in!

Compare scores with friends on all Sporcle quizzes.
OR
Log In

From the Vault

Movie Duos Multiple Choice

by LTH

The word 'duet' seems to be limited to music, but maybe it shouldn't be.
Remove Ads.
Support Sporcle.
Get the best of Sporcle when you Go Orange. This ad-free experience offers more features, more stats, and more fun while also helping to support Sporcle. Thank you for becoming a member.

Show Comments

Extras

Top Quizzes Today


Score Distribution

Your Account Isn't Verified!

In order to create a playlist on Sporcle, you need to verify the email address you used during registration. Go to your Sporcle Settings to finish the process.

Report this User

Report this user for behavior that violates our Community Guidelines.

Details: